Breakdown on service areas (Record no. 72076)
[ view plain ]
| 000 -LEADER | |
|---|---|
| fixed length control field | 01224cam a2200193 4500 |
| 001 - CONTROL NUMBER | |
| control field | X121271 |
| 008 - FIXED-LENGTH DATA ELEMENTS--GENERAL INFORMATION | |
| fixed length control field | 030207n2002 000 0 eng u |
| 035 ## - SYSTEM CONTROL NUMBER | |
| System control number | (Sirsi) u121271 |
| 100 ## - MAIN ENTRY--PERSONAL NAME | |
| Personal name | Coward, I. |
| 245 ## - TITLE STATEMENT | |
| Title | Breakdown on service areas |
| 260 ## - PUBLICATION, DISTRIBUTION, ETC. | |
| Date of publication, distribution, etc. | 2002 |
| 490 ## - SERIES STATEMENT | |
| Series statement | Planning (for the Natural and Built Environment) |
| Volume/sequential designation | (1501) 13 December 2002, 15(1) |
| 520 ## - SUMMARY, ETC. | |
| Summary, etc. | Proposes that planning policy in respect of motorway service areas is urgently in need of complete overhaul. Although the highway safety case for providing services should be paramount, motorway service areas (MSAs) need to be located at certain intervals along the strategic road network and are sited almost always in areas of planning restraint. Points out the policy gap between the March 2001 revision of PPG13 on transport's omission of a service area annex until the promised publication of a new MSA circular in 2003. Concludes that MSA policy needs to be brought into line with the approach presented in the planning reform green paper. |
| 650 ## - SUBJECT ADDED ENTRY--TOPICAL TERM | |
| Topical term or geographic name entry element | MOTORWAY SERVICE AREAS |
| 650 ## - SUBJECT ADDED ENTRY--TOPICAL TERM | |
| Topical term or geographic name entry element | PLANNING REFORM |
| 650 ## - SUBJECT ADDED ENTRY--TOPICAL TERM | |
| Topical term or geographic name entry element | PLANNING POLICY GUIDANCE NOTE 13 |
| 690 ## - LOCAL SUBJECT ADDED ENTRY--TOPICAL TERM (OCLC, RLIN) | |
| Topical term or geographic name as entry element | ENVIRONMENTAL AND LAND CONSULTANCY-PLANNING AND DEVELOPMENT |
| 942 ## - ADDED ENTRY ELEMENTS (KOHA) | |
| Suppress in OPAC | 0 |
| Withdrawn status | Lost status | Source of classification or shelving scheme | Damaged status | Not for loan | Home library | Current library | Shelving location | Date acquired | Total Checkouts | Full call number | Barcode | Date last seen | Copy number | Price effective from | Koha item type |
|---|---|---|---|---|---|---|---|---|---|---|---|---|---|---|---|
| Dewey Decimal Classification | London | London | Journal article | 07/02/2003 | X121271 | 121271-1001 | 06/08/2019 | 1 | 06/08/2019 | Journal article |